00738nam a2200229Ia 450000500170000000800410001702000220005804000190008004100120009908200130011124500750012426000280019930000210022750400500024865000340029865100210033270000210035385000100037494200070038499900170039195201000040820230531111655.0131103s9999 xx 000 0 und d a415324971cRs 495 aLoreto College aEnglish a809bMAC 4aThe Routledge companion to Postcolonial StudiescEdited by John McLeod aOxfordbRoutledgec2007 axiii,252pb maps aIncludes bibliographical references and index aPostcolonial Literary Studies aCultural Studies aMcLeod, John, ed aLCLIB cBK c20148d70627 00102ddc4070aMAINbMAINd2013-11-04l0o809 MAC 46590pB21969r2013-11-04w2013-11-04yBKf